MARC details
| 000 -CABECERA |
| campo de control de longitud fija |
01745nam a2200301 a 4500 |
| 001 - NÚMERO DE CONTROL |
| campo de control |
000007394 |
| 003 - IDENTIFICADOR DEL NÚMERO DE CONTROL |
| campo de control |
DO-SdBNP |
| 005 - FECHA Y HORA DE LA ÚLTIMA TRANSACCIÓN |
| campo de control |
20211125115443.0 |
| 008 - DATOS DE LONGITUD FIJA--INFORMACIÓN GENERAL |
| campo de control de longitud fija |
090908s2004 dr ad 001 0 spa d |
| 020 ## - NÚMERO INTERNACIONAL ESTÁNDAR DEL LIBRO |
| Número Internacional Estándar del Libro |
9993424110 |
| 040 ## - FUENTE DE LA CATALOGACIÓN |
| Centro catalogador/agencia de origen |
DO-SdBNP |
| Lengua de catalogación |
spa |
| Centro/agencia transcriptor |
BNPHU |
| 082 ## - NÚMERO DE LA CLASIFICACIÓN DECIMAL DEWEY |
| Número de clasificación |
303.6 |
| Número de documento/Ítem |
C387v |
| 100 1# - ENTRADA PRINCIPAL--NOMBRE DE PERSONA |
| Nombre de persona |
Ceballos Díaz, Rita María |
| 9 (RLIN) |
20542 |
| 245 10 - MENCIÓN DE TÍTULO |
| Título |
Violencia y comunidad en un mundo globalizado : |
| Resto del título |
estudio sobre la violencia en los barrios empobrecidos de la ciudad de Santo Domingo / |
| Mención de responsabilidad, etc. |
Rita Ceballos. |
| 260 ## - PUBLICACIÓN, DISTRIBUCIÓN, ETC. |
| Lugar de publicación, distribución, etc. |
Santo Domingo : |
| Nombre del editor, distribuidor, etc. |
Centro Cultural Poveda, |
| -- |
Ediciones MSC, |
| Fecha de publicación, distribución, etc. |
2004. |
| 300 ## - DESCRIPCIÓN FÍSICA |
| Extensión |
274 p. : |
| Otras características físicas |
il., gráfcs. ; |
| Dimensiones |
25 cm. |
| 504 ## - NOTA DE BIBLIOGRAFÍA, ETC. |
| Nota de bibliografía, etc. |
Incluye referencias bibliográficas y notas al pie de páginas. |
| 504 ## - NOTA DE BIBLIOGRAFÍA, ETC. |
| Nota de bibliografía, etc. |
Bibliografía : p. 267-274 |
| 505 0# - NOTA DE CONTENIDO CON FORMATO |
| Información miscelánea |
Prefacio: La lucha por la esperanza / |
| Mención de responsabilidad |
Ronald M. Cervero |
| Información miscelánea |
Prólogo / |
| -- |
Leopoldo Artiles -- |
| -- |
A manera de introducción: tejiendo a hilos cortados -- |
| Título |
El barrio un espacio creador de vida -- |
| -- |
El barrio un rostro urbano de la pobreza -- |
| -- |
Tipos de violencia en los barrios -- |
| -- |
Los jóvenes y el tigueraje barrial -- |
| -- |
Socialización, valores y trascendencia -- |
| -- |
Violencia en la historia, violencia en la cultura y cultura de la violencia -- |
| -- |
Atando cabos sin poder finalizar -- |
| Información miscelánea |
Anexos -- |
| -- |
Bibliografía. |
| 590 ## - NOTA LOCAL (RLIN) |
| Nota local |
Inventariado, 2018/BT |
| 650 #4 - PUNTO DE ACCESO ADICIONAL DE MATERIA--TÉRMINO DE MATERIA |
| Término de materia o nombre geográfico como elemento de entrada |
Violencia |
| Subdivisión general |
Investigaciones |
| 9 (RLIN) |
20543 |
| 650 #4 - PUNTO DE ACCESO ADICIONAL DE MATERIA--TÉRMINO DE MATERIA |
| Término de materia o nombre geográfico como elemento de entrada |
Violencia |
| Subdivisión general |
Aspectos morales y éticos |
| Subdivisión geográfica |
República Dominicana, Santo Domingo |
| 9 (RLIN) |
20544 |
| 650 #4 - PUNTO DE ACCESO ADICIONAL DE MATERIA--TÉRMINO DE MATERIA |
| Término de materia o nombre geográfico como elemento de entrada |
Pobreza |
| Subdivisión geográfica |
República Dominicana, Santo Domingo |
| 9 (RLIN) |
20545 |
| 650 #4 - PUNTO DE ACCESO ADICIONAL DE MATERIA--TÉRMINO DE MATERIA |
| Término de materia o nombre geográfico como elemento de entrada |
Pobreza |
| Subdivisión general |
Aspectos sociales |
| Subdivisión geográfica |
República Dominicana, Santo Domingo |
| 9 (RLIN) |
20546 |
| 651 #4 - PUNTO DE ACCESO ADICIONAL DE MATERIA--NOMBRE GEOGRÁFICO |
| Nombre geográfico |
República Dominicana |
| Subdivisión general |
Condiciones sociales |
| 9 (RLIN) |
46 |
| 910 ## - DATOS DE OPCIÓN DEL USUARIO (OCLC) |
| Datos de opción del usuario |
Validado. Control de calidad. EMS |
| 942 ## - ELEMENTOS DE PUNTO DE ACCESO ADICIONAL (KOHA) |
| Fuente del sistema de clasificación o colocación |
Dewey Decimal Classification |
| Tipo de ítem Koha |
Libro |